000 00324nam a2200133Ia 4500
008 191201s2003 xx 000 0 und d
082 _a519.86
_bGUS
100 _aGUPTA, R C
245 0 _aStatistical Quality Control
260 _aN.Delhi
_bKhanna Publisher
_c2003
300 _a978
650 _aB.Tech(ME)
942 _2ddc
_cBK
999 _c2198
_d2198